| 000 | 00624nam a22001817a 4500 | ||
|---|---|---|---|
| 001 | 113551 | ||
| 003 | DR-UNIBE | ||
| 005 | 20250507112120.0 | ||
| 008 | 250506b2002 nq ||||| |||| 00| 0 spa d | ||
| 040 |
_aBIBLIOTECA UNIBE _bspa _cBIBLIOTECA UNIBE _erda |
||
| 041 | _aspa | ||
| 082 | _aF 5676 | ||
| 245 | _aConozcamos el código procesal penal | ||
| 260 |
_aNicaragua : _bCentro dpara la Administración de Justicia de la Universidad de la Florida (CAJ/FIU), _bAgencia de los Estados Unidos para el Desarrollo Internacional (USAID), _c2002 |
||
| 300 | _a16 páginas | ||
| 650 | 7 |
_2lemb _aDerecho penal |
|
| 942 |
_2ddc _cMX |
||
| 999 |
_c113551 _d113551 |
||